| 000 | 00687cam a2200253 a 4500 | ||
|---|---|---|---|
| 999 |
_c735 _d735 |
||
| 001 | 005121848 | ||
| 003 | OCoLC | ||
| 005 | 20191205160914.0 | ||
| 008 | 890503r19881987enk 000 1 eng d | ||
| 015 | _aGB89-40478 | ||
| 020 | _a0552131067 (pbk.) | ||
| 020 | _a9780552131063 (pbk.) | ||
| 040 |
_aUKM _cUKM _dBGU _dNCTU |
||
| 042 | _anbic | ||
| 082 | _aFIC PRA | ||
| 100 | 1 |
_aPratchett, Terry. _eauthor |
|
| 245 | 1 | 0 |
_aMort / _cTerry Pratchett. |
| 260 |
_aLondon : _bCorgi, _c1988. |
||
| 300 |
_a315p. ; _c18 cm. |
||
| 490 | 0 | _aThe Discworld series. | |
| 500 | _aOriginally published: London : Gollancz, 1987. | ||
| 650 | 0 |
_aDiscworld (Imaginary place) _vFiction. |
|
| 942 |
_2ddc _cFIC |
||